| 000 | 00000nam##2200000za#4500 |
| 001 | 9.619651 |
| 003 | CaOODSP |
| 005 | 20210615103621 |
| 007 | ta |
| 008 | 150406|2009||||xxc||||| f|0| 0 eng|d |
| 022 | |a0706-6457 |
| 040 | |aCaOODSP|beng |
| 043 | |an-cn--- |
| 086 | 1 |aFs97-6/2857E |
| 110 | 1 |aCanada. |bDepartment of Fisheries and Oceans. |
| 245 | 10|aBibliography for environmental assessments associated with port developments at Fraser River Delta and Prince Rupert Harbour, British Columbia / |cby W.J. Thompson ...[et al.]. |
| 260 | |aVancouver - British Columbia : |bFisheries and Oceans Canada |c2009. |
| 300 | |avi, 216p. : |breferences ; |c28 cm. |
| 490 | 1 |aCanadian technical report of fisheries and aquatic sciences|x0706-6457|vNo. 2857 |
| 500 | |a"Fisheries and Oceans Canada, DFO-UBC Centre for Aquaculture and Environmental Research, 4160 Marine Drive, West Vancouver, British Columbia V7V 1N6". |
| 520 | 3 |aContains referenced material pertaining to ecosystems associated with two major port locations: Roberts Bank (Fraser River Delta) and Prince Ruper Harbour. These environments are areas of high ecological value and sensitivity as they represent key choke-points within salmon and shore-bird migration routes. This bibliography is a step towards a state-of-knowledge review of ecosystem processes within the areas of proposed development. |
| 546 | |a(Résumé en français) |
| 563 | |aSoftcover |
| 590 | |a10-07|b2010-02-19 |
| 720 | 1 |aThompson, W.J. |
| 776 | 0#|tBibliography for environmental assessments associated with port developments at Fraser River Delta and Prince Rupert Harbour, British Columbia / |w(CaOODSP)9.574401 |
| 830 | #0|aCanadian technical report of fisheries and aquatic sciences,|x0706-6457|vNo. 2857|w(CaOODSP)9.514691 |